00467 2200193 4500001002100000005001500021008004100036020002200077035001900099041000700118082001200125090001700137100001800154245002300172260002500195300002800220500001000248650001500258INLIS00000000000398520241224112827241224||||||||| | ||| |||| || |  a978-602-14137-9-1 0010-1224003985 aid0 a297..18 a297.18 YUL i0 aRani Yulianty00aIslam For Beginner bPustaka Santric2013 av,171 hlm.:ilus.;26 cm. aCet.1 0aIlmu Agama